| 000 | 01485cam a22003011i 4500 | ||
|---|---|---|---|
| 003 | SA-RiAUC | ||
| 005 | 20250818060915.0 | ||
| 008 | 250801s2006 ku g 00010 ara c | ||
| 040 |
_aSA-RiIMS _bara _cSA-RiAUC _erda |
||
| 082 | 0 | 4 |
_a257.1 _qSA-RiAUC |
| 090 |
_a257.1 _b ا ب ن م |
||
| 100 | 1 |
_aابن المبرد، يوسف بن حسن بن أحمد، _d840-909 هجري _eمؤلف. |
|
| 245 | 1 | 0 |
_aإيضاح طرق الاستقامة في بيان أحكام الولاية والإمامة / _cتصنيف جمال الدين أبي المحاسن يوسف بن عبد الهادي الحنبلي الشهير بابن المبرد ؛ ضبط النص وعلق عليه عبد الله محمد الكندري. |
| 246 | 3 | 0 | _aبيان أحكام الولاية والإمامة |
| 250 | _aالطبعة الأولى. | ||
| 264 | 1 |
_aالكويت : _bغراس للنشر والتوزيع والدعاية والإعلان، _c2006 |
|
| 300 |
_a261 صفحة ؛ _c24 سم |
||
| 336 |
_aنص _btxt _2rdacontent _3كتاب |
||
| 337 |
_aبدون وسيط _bn _2rdamedia |
||
| 338 |
_aمجلد _bnc _2rdacarrier |
||
| 650 | 7 |
_aالنظام السياسي في الإسلام _2aucsh |
|
| 650 | 7 |
_aنظم الحكم في الإسلام _2aucsh |
|
| 650 | 7 |
_aالإمامة (فقه إسلامي) _2aucsh |
|
| 650 | 7 |
_aالخلافة _2aucsh |
|
| 700 | 1 |
_aالكندري، عبد الله محمد _eمعلق. |
|
| 942 |
_2ddc _cBOOK _n0 |
||
| 949 |
_aSA-JeALM _d250801 _umohamedma123 _n1 |
||
| 999 |
_c10916 _d10916 |
||